Представление документа в формате MARC21

ПолеНазваниеЗначение
  Тип записи a
  Библиографический уровень m
001 Контрольный номер RU\infra-m\znanium\bibl\2173610
005 Дата корректировки 20260429142124.1
008 Кодируемые данные 240919s2024 RU g rus u
020 Индекс ISBN __
a ISBN 978-5-9729-5115-4
040 Источник каталогиз. __
a Служба первич. каталог. Общество с ограниченной ответственностью «ЗНАНИУМ»
041 Код языка издания __
a Код языка текста rus
044 Код страны публикации __
a Код страны публикации RU
080 Индекс УДК __
a Индекс УДК 8211
084 Индекс другой классификации/Индекс ББК __
2 Источник индекса rubbk
a Индекс другой классификации/Индекс ББК 842
084 Индекс другой классификации/Индекс ББК __
2 Источник индекса okso
a Индекс другой классификации/Индекс ББК 52.05.04
100 Автор __
a Автор Касецкая А.Г.
q Полное имя Касецкая Алла Георгиевна
245 Заглавие __
a Заглавие Ключи на дне
b Продолж. заглавия Художественная литература
260 Выходные данные __
a Место издания Вологда
b Издательство Родники
c Дата издания 2024
300 Физическое описание __
a Объем 100 с.
520 Аннотация __
a Аннотация В данном сборнике стихов поэта Аллы Касецкой «Ключи на дне» представлены как новые стихи так и ранее опубликованные. В кажущейся простоте и лёгкости строк сокрыт порой далеко не простой смысл. Издание адресовано широкому кругу читателей.
521 Примеч. о цел. назн. __
a Примеч. о целев. назн. Дополнительное образование
650 Тематические рубрики __
a Основная рубрика Художественная литература. Досуг
x Основная подрубрика Российская поэзия
655 Указ. предметных рубрик (устаревшее) __
a Жанр/ форма (устаревшее) Художественная литература
856 Электронный адрес документа 4_
a Имя сервера/домена znanium.ru
m Помощь ebs_support@infra-m.ru
n Местонахождение сервера НИЦ ИНФРА-М
u URL https://znanium.ru/catalog/document?id=453618
856 Электронный адрес документа 48
a Имя сервера/домена znanium.ru
d Путь /cover/2173
f Электронное имя 2173610.jpg
q Тип электронного формата image/jpeg
u URL https://znanium.ru/cover/2173/2173610.jpg
911 __
u 0030=https://znanium.ru/catalog/document?id=453618